00453nam a22001577a 450000500170000000800410001702000150005804100130007308200110008610000260009724500480012325000200017126000460019130000330023765000250027020231107122523.0231107b |||||||| |||| 00| 0 eng d a0702123463 aEnglish  a346.43 aPaddock, G lEnglish  aThe Sectional Title Handbook / cG Paddock  aSecond Edition  aCape Town :bJuta and Company Ltd, c1990 bxxiii, 194 pages ; c23 cm.  aLegal practice bLaw